ASME boiler and pressure vessel code section III Nuclear Power Plant Components Division 1- Sub Section NE : Class MC Co (Record no. 7060)

MARC details
000 -LEADER
fixed length control field 00702nam a2200181Ia 4500
003 - CONTROL NUMBER IDENTIFIER
control field IN-BaIIA
008 - FIXED-LENGTH DATA ELEMENTS--GENERAL INFORMATION
fixed length control field 211028s9999 xx 000 0 eng d
040 ## - CATALOGING SOURCE
Transcribing agency IIA Library
080 ## - UNIVERSAL DECIMAL CLASSIFICATION NUMBER
Universal Decimal Classification number 083.7:62
Item number ASM
110 ## - MAIN ENTRY--CORPORATE NAME
Corporate name or jurisdiction name as entry element American Society of Mechanical Engineers
9 (RLIN) 12075
245 #0 - TITLE STATEMENT
Title ASME boiler and pressure vessel code section III Nuclear Power Plant Components Division 1- Sub Section NE : Class MC Co
Statement of responsibility, etc. The American Society of Mechanical Engineering
260 ## - PUBLICATION, DISTRIBUTION, ETC.
Place of publication, distribution, etc. New York
Name of publisher, distributor, etc. The American Society of Mechanical Engineers
Date of publication, distribution, etc. 1980
300 ## - PHYSICAL DESCRIPTION
Extent xxii, 159p.
650 ## - SUBJECT ADDED ENTRY--TOPICAL TERM
Topical term or geographic name entry element NASA Thesaurus
650 ## - SUBJECT ADDED ENTRY--TOPICAL TERM
Topical term or geographic name entry element Nuclear Power Plant
9 (RLIN) 12076
650 ## - SUBJECT ADDED ENTRY--TOPICAL TERM
Topical term or geographic name entry element Standards-Mechanical Engineering
9 (RLIN) 12077
942 ## - ADDED ENTRY ELEMENTS (KOHA)
Koha item type Books
Holdings
Withdrawn status Lost status Damaged status Not for loan Home library Current library Shelving location Date acquired Total Checkouts Full call number Barcode Date last seen Price effective from Koha item type
        IIA Library-Bangalore IIA Library-Kavalur General Stacks 27/04/1982   083.7:62/ ASM 7840 05/11/2021 27/04/1982 Books

Powered by Koha